Normal view MARC view
  • زبان — نظریاتی مطالعہ

Entry Topical Term

Number of records used in: 1

001 - CONTROL NUMBER

  • control field: 129537

003 - CONTROL NUMBER IDENTIFIER

  • control field: NUST

005 - DATE AND TIME OF LATEST TRANSACTION

  • control field: 20250709151354.0

008 - FIXED-LENGTH DATA ELEMENTS

  • fixed length control field: 250709|| aca||aabn | a|a d

040 ## - CATALOGING SOURCE

  • Original cataloging agency: NUST
  • Transcribing agency: NUST

150 ## - HEADING--TOPICAL TERM

  • Topical term or geographic name entry element: زبان — نظریاتی مطالعہ

670 ## - SOURCE DATA FOUND

  • Source citation: Work cat.: (NUST): Gyan Chand Jain, Professor 129536, عام لسانیات /, 2019
© 2023 Central Library, National University of Sciences and Technology. All Rights Reserved.